| 000 | 00829nam a2200253 i 4500 | ||
|---|---|---|---|
| 001 | 11413 | ||
| 003 | ES-MaACL | ||
| 005 | 20230906150109.0 | ||
| 007 | t| | ||
| 008 | 921103s1992 sp |||| | spa j | ||
| 020 | _a84-7100-433-X (rúst.) | ||
| 080 | _a983"17/18" | ||
| 100 | 1 |
_aJocelyn-Holt Letelier, Alfredo. _966691 |
|
| 245 | 1 | 3 |
_aLa independencia de Chile _b: tradición, modernización y mito / _cAlfredo Jocelyn-Holt Letelier. |
| 260 |
_aMadrid : _bMAPFRE, _c[1992] |
||
| 300 |
_a362 p ; _c23 cm. |
||
| 490 | 1 |
_aIndependencia de Iberoamérica ; _v5 |
|
| 500 | _aÍndice. | ||
| 504 | _aBibliografía: p. [331]-359. | ||
| 651 | 4 |
_aChile- _zHistoria- _y1810-1824, Guerra de la Independencia. _9158684 |
|
| 830 | 0 |
_aIndependencia de Iberoamérica ; _v5 _9179056 |
|
| 852 |
_aES-MaACL _jL-18738 |
||
| 999 |
_c11413 _d11413 |
||